| 000 | 00531nam a22001937a 4500 | ||
|---|---|---|---|
| 003 | OSt | ||
| 005 | 20180116183049.0 | ||
| 008 | 160727b xxu||||| |||| 00| 0 eng d | ||
| 020 | _a0135883695 | ||
| 040 | _c0 | ||
| 082 | _a658.542 MUN 1994 | ||
| 100 | _aMarvin E. Mundel | ||
| 245 |
_aMotion and Time Study Improving Productivity _cMarvin E. Mundel |
||
| 250 | _a7th | ||
| 260 |
_aNew Jersey _bPrentice Hall _c1994 |
||
| 300 |
_a770 p. _bHB |
||
| 440 | _aMotion and Time Study Improving Productivity | ||
| 942 |
_2ddc _cBK |
||
| 999 |
_c351562 _d351562 |
||